[Event "Memorial Sergievskogo"]
[Site "Cheboksary"]
[Date "2016.04.11"]
[Round "2.1"]
[White "Dzhangobegov, Vladimir"]
[Black "Rublevsky, Sergei"]
[Result "0-1"]
[LiveChessVersion "1.4.4"]
[BlackElo "2727"]
[WhiteElo "2170"]

1. e4 {[%clk 0:15:17]} c5 {[%clk 0:15:19]} 2. Nf3 {[%clk 0:15:23]} e6
{[%clk 0:15:27]} 3. Nc3 {[%clk 0:15:23]} Nc6 {[%clk 0:15:29]} 4. d4
{[%clk 0:15:25]} cxd4 {[%clk 0:15:38]} 5. Nxd4 {[%clk 0:15:34]} a6
{[%clk 0:15:46]} 6. Be2 {[%clk 0:14:42]} d6 {[%clk 0:15:51]} 7. O-O
{[%clk 0:14:35]} Nf6 {[%clk 0:15:56]} 8. Be3 {[%clk 0:14:35]} Be7
{[%clk 0:15:57]} 9. f4 {[%clk 0:14:36]} Bd7 {[%clk 0:15:51]} 10. Kh1
{[%clk 0:13:28]} b5 {[%clk 0:14:37]} 11. a3 {[%clk 0:13:25]} O-O {[%clk 0:14:33]}
12. Qe1 {[%clk 0:12:32]} Qb8 {[%clk 0:13:55]} 13. Qg3 {[%clk 0:08:53]} b4
{[%clk 0:13:08]} 14. axb4 {[%clk 0:08:10]} Qxb4 {[%clk 0:13:07]} 15. Nxc6
{[%clk 0:07:50]} Bxc6 {[%clk 0:13:15]} 16. e5 {[%clk 0:07:43]} dxe5
{[%clk 0:10:11]} 17. fxe5 {[%clk 0:07:51]} Ne4 {[%clk 0:10:19]} 18. Nxe4
{[%clk 0:07:58]} Bxe4 {[%clk 0:10:23]} 19. Rxa6 {[%clk 0:01:38]} Rxa6
{[%clk 0:10:08]} 20. Bxa6 {[%clk 0:01:45]} Bxc2 {[%clk 0:10:15]} 21. Qf2
{[%clk 0:01:14]} Bg6 {[%clk 0:08:19]} 22. Qd2 {[%clk 0:01:01]} Qe4
{[%clk 0:07:54]} 23. Qd4 {[%clk 0:00:40]} Qc6 {[%clk 0:07:48]} 24. Be2
{[%clk 0:00:31]} Rd8 {[%clk 0:06:54]} 25. Qa7 {[%clk 0:00:21]} Bb4
{[%clk 0:06:10]} 26. Bf3 {[%clk 0:00:22]} Qb5 {[%clk 0:05:54]} 27. Rc1
{[%clk 0:00:14]} Qxe5 {[%clk 0:05:37]} 28. Qb6 {[%clk 0:00:18]} Be7
{[%clk 0:05:03]} 29. Rc7 {[%clk 0:00:14]} Bd6 {[%clk 0:04:32]} 0-1

[Event "Memorial Sergievskogo"]
[Site "Cheboksary"]
[Date "2016.04.11"]
[Round "2.2"]
[White "Khismatullin, Denis"]
[Black "Sukhareva, Evgeniya"]
[Result "1-0"]
[LiveChessVersion "1.4.4"]
[BlackElo "2152"]
[WhiteElo "2709"]

1. c4 {[%clk 0:15:18]} e6 {[%clk 0:15:19]} 2. g3 {[%clk 0:15:25]} d5
{[%clk 0:15:27]} 3. Bg2 {[%clk 0:15:34]} Nf6 {[%clk 0:15:35]} 4. Nf3
{[%clk 0:15:42]} b6 {[%clk 0:15:44]} 5. cxd5 {[%clk 0:15:50]} Nxd5
{[%clk 0:15:50]} 6. O-O {[%clk 0:14:14]} Bb7 {[%clk 0:15:57]} 7. d4
{[%clk 0:13:58]} Be7 {[%clk 0:15:57]} 8. Qa4+ {[%clk 0:13:21]} Bc6
{[%clk 0:15:47]} 9. Qc2 {[%clk 0:13:16]} O-O {[%clk 0:15:27]} 10. e4
{[%clk 0:13:18]} Nf6 {[%clk 0:15:26]} 11. Nc3 {[%clk 0:13:24]} Bb7
{[%clk 0:15:27]} 12. Bg5 {[%clk 0:13:00]} Nbd7 {[%clk 0:15:26]} 13. Rad1
{[%clk 0:12:53]} h6 {[%clk 0:13:15]} 14. Bf4 {[%clk 0:12:24]} a6 {[%clk 0:12:18]}
15. d5 {[%clk 0:11:54]} exd5 {[%clk 0:12:26]} 16. e5 {[%clk 0:12:03]} Nh5
{[%clk 0:06:09]} 17. Bc1 {[%clk 0:10:19]} c6 {[%clk 0:05:26]} 18. g4
{[%clk 0:10:26]} Qb8 {[%clk 0:05:28]} 19. Rfe1 {[%clk 0:08:58]} Nhf6
{[%clk 0:04:29]} 20. exf6 {[%clk 0:09:06]} Bxf6 {[%clk 0:04:37]} 21. Qf5
{[%clk 0:08:51]} Nc5 {[%clk 0:02:52]} 22. Qh5 {[%clk 0:08:09]} Ne6
{[%clk 0:01:43]} 23. Ne5 {[%clk 0:05:24]} Qc7 {[%clk 0:00:23]} 24. Nd3
{[%clk 0:03:29]} Rfe8 {[%clk 0:00:25]} 25. Ne2 {[%clk 0:02:59]} Rad8
{[%clk 0:00:27]} 26. Nef4 {[%clk 0:02:56]} Bc8 {[%clk 0:00:20]} 27. Nxe6
{[%clk 0:02:18]} Bxe6 {[%clk 0:00:29]} 28. g5 {[%clk 0:02:26]} hxg5
{[%clk 0:00:31]} 29. Bxg5 {[%clk 0:02:34]} g6 {[%clk 0:00:21]} 30. Qh4
{[%clk 0:02:29]} Bxg5 {[%clk 0:00:30]} 31. Qxg5 {[%clk 0:02:38]} Qe7
{[%clk 0:00:17]} 32. h4 {[%clk 0:02:26]} Qxg5 {[%clk 0:00:17]} 33. hxg5
{[%clk 0:02:35]} a5 {[%clk 0:00:15]} 34. f4 {[%clk 0:01:42]} Bg4 {[%clk 0:00:22]}
35. Rc1 {[%clk 0:01:47]} Rxe1+ {[%clk 0:00:27]} 36. Rxe1 {[%clk 0:01:52]} Be6
{[%clk 0:00:25]} 37. Ne5 {[%clk 0:01:48]} Rd6 {[%clk 0:00:34]} 38. Kf2
{[%clk 0:01:57]} c5 {[%clk 0:00:43]} 39. Bf1 {[%clk 0:01:49]} Kg7
{[%clk 0:00:46]} 40. Bb5 {[%clk 0:01:36]} d4 {[%clk 0:00:36]} 41. a4
{[%clk 0:01:16]} Bd5 {[%clk 0:00:13]} 42. Nc4 {[%clk 0:01:22]} Bxc4
{[%clk 0:00:19]} 43. Bxc4 {[%clk 0:01:30]} d3 {[%clk 0:00:23]} 44. b3
{[%clk 0:01:35]} Rd4 {[%clk 0:00:21]} 45. Ke3 {[%clk 0:01:41]} f6
{[%clk 0:00:13]} 46. gxf6+ {[%clk 0:01:36]} Kxf6 {[%clk 0:00:21]} 47. Bxd3
{[%clk 0:01:44]} g5 {[%clk 0:00:22]} 48. fxg5+ {[%clk 0:01:52]} Kxg5
{[%clk 0:00:32]} 49. Rf1 {[%clk 0:02:01]} Rd6 {[%clk 0:00:25]} 50. Rf5+
{[%clk 0:02:09]} Kg4 {[%clk 0:00:32]} 51. Re5 {[%clk 0:02:17]} Rf6
{[%clk 0:00:20]} 52. Be2+ {[%clk 0:02:16]} Kh4 {[%clk 0:00:15]} 53. Bc4
{[%clk 0:02:22]} Kg4 {[%clk 0:00:16]} 54. Re6 {[%clk 0:02:29]} Rf3+
{[%clk 0:00:12]} 55. Ke4 {[%clk 0:02:37]} 1-0

[Event "Memorial Sergievskogo"]
[Site "Cheboksary"]
[Date "2016.04.11"]
[Round "2.3"]
[White "Demidov, Alexandr"]
[Black "Alekseev, Evgeny"]
[Result "0-1"]
[LiveChessVersion "1.4.4"]
[BlackElo "2671"]
[WhiteElo "2125"]

1. e4 {[%clk 0:15:18]} c5 {[%clk 0:15:17]} 2. c3 {[%clk 0:15:26]} d5
{[%clk 0:15:11]} 3. exd5 {[%clk 0:15:35]} Qxd5 {[%clk 0:15:18]} 4. Nf3
{[%clk 0:15:43]} Nf6 {[%clk 0:15:17]} 5. Na3 {[%clk 0:15:52]} e6 {[%clk 0:14:41]}
6. Bc4 {[%clk 0:15:27]} Qd8 {[%clk 0:14:27]} 7. O-O {[%clk 0:15:21]} Be7
{[%clk 0:14:34]} 8. d4 {[%clk 0:15:08]} O-O {[%clk 0:14:12]} 9. Nc2
{[%clk 0:14:57]} b6 {[%clk 0:12:31]} 10. Ne5 {[%clk 0:13:58]} Bb7
{[%clk 0:12:30]} 11. Qe2 {[%clk 0:14:02]} Nd5 {[%clk 0:11:49]} 12. Bd3
{[%clk 0:13:50]} Nd7 {[%clk 0:11:06]} 13. Qh5 {[%clk 0:13:25]} N5f6
{[%clk 0:10:25]} 14. Qh3 {[%clk 0:13:16]} cxd4 {[%clk 0:10:23]} 15. Nxd7
{[%clk 0:12:41]} Qxd7 {[%clk 0:10:27]} 16. Nxd4 {[%clk 0:12:00]} Qd5
{[%clk 0:08:48]} 17. Re1 {[%clk 0:11:04]} Rfd8 {[%clk 0:08:26]} 18. Bf4
{[%clk 0:10:55]} Qh5 {[%clk 0:07:47]} 19. Qg3 {[%clk 0:09:45]} Qg4
{[%clk 0:07:44]} 20. Qxg4 {[%clk 0:09:23]} Nxg4 {[%clk 0:07:52]} 21. h3
{[%clk 0:09:25]} Nf6 {[%clk 0:07:58]} 22. Rad1 {[%clk 0:09:25]} Bc5
{[%clk 0:06:57]} 23. Nb3 {[%clk 0:08:58]} Bf8 {[%clk 0:07:00]} 24. Bc2
{[%clk 0:07:49]} Ne8 {[%clk 0:05:59]} 25. Rxd8 {[%clk 0:07:01]} Rxd8
{[%clk 0:06:08]} 26. Rd1 {[%clk 0:07:06]} Rxd1+ {[%clk 0:06:09]} 27. Bxd1
{[%clk 0:07:14]} Bd6 {[%clk 0:06:08]} 28. Bxd6 {[%clk 0:07:11]} Nxd6
{[%clk 0:06:17]} 29. Be2 {[%clk 0:06:56]} Bd5 {[%clk 0:05:30]} 30. Nc1
{[%clk 0:06:43]} Kf8 {[%clk 0:05:34]} 31. b3 {[%clk 0:06:27]} Ke7
{[%clk 0:05:31]} 32. f3 {[%clk 0:06:07]} e5 {[%clk 0:04:45]} 33. Kf2
{[%clk 0:06:16]} f5 {[%clk 0:04:47]} 34. g3 {[%clk 0:05:54]} g5 {[%clk 0:04:28]}
35. c4 {[%clk 0:05:51]} Bb7 {[%clk 0:04:25]} 36. Bd3 {[%clk 0:05:22]} Ke6
{[%clk 0:03:00]} 37. Bc2 {[%clk 0:05:18]} h6 {[%clk 0:02:02]} 38. Ne2
{[%clk 0:05:01]} f4 {[%clk 0:02:09]} 39. gxf4 {[%clk 0:04:43]} exf4
{[%clk 0:02:13]} 40. h4 {[%clk 0:04:12]} Ke5 {[%clk 0:02:19]} 41. hxg5
{[%clk 0:04:21]} hxg5 {[%clk 0:02:28]} 42. Nc3 {[%clk 0:03:41]} Kd4
{[%clk 0:02:29]} 43. Ne2+ {[%clk 0:03:50]} Ke5 {[%clk 0:02:35]} 44. Nc3
{[%clk 0:03:58]} Bc6 {[%clk 0:02:37]} 45. Ne2 {[%clk 0:03:34]} Ne8
{[%clk 0:02:32]} 46. Ng1 {[%clk 0:03:20]} Nf6 {[%clk 0:02:28]} 47. Nh3
{[%clk 0:03:14]} g4 {[%clk 0:02:35]} 48. Ng5 {[%clk 0:02:53]} g3+
{[%clk 0:02:22]} 49. Ke2 {[%clk 0:02:47]} Be8 {[%clk 0:01:59]} 50. b4
{[%clk 0:02:13]} Bd7 {[%clk 0:01:50]} 51. Bb3 {[%clk 0:02:00]} Kd4
{[%clk 0:01:50]} 52. b5 {[%clk 0:00:50]} Bf5 {[%clk 0:01:53]} 53. Kf1
{[%clk 0:00:43]} Bd3+ {[%clk 0:01:45]} 54. Kg2 {[%clk 0:00:51]} Bxc4
{[%clk 0:01:48]} 55. Bxc4 {[%clk 0:00:45]} Kxc4 {[%clk 0:01:57]} 56. a4
{[%clk 0:00:36]} Kb4 {[%clk 0:01:59]} 57. Ne6 {[%clk 0:00:40]} Nd5
{[%clk 0:02:07]} 58. Nd4 {[%clk 0:00:45]} Kxa4 {[%clk 0:02:12]} 0-1

[Event "Memorial Sergievskogo"]
[Site "Cheboksary"]
[Date "2016.04.11"]
[Round "2.4"]
[White "Lysyj, Igor"]
[Black "Ivanov, Oleg"]
[Result "1-0"]
[LiveChessVersion "1.4.4"]
[BlackElo "2118"]
[WhiteElo "2670"]

1. d4 {[%clk 0:15:17]} d5 {[%clk 0:15:12]} 2. c4 {[%clk 0:15:25]} c6
{[%clk 0:15:14]} 3. Nf3 {[%clk 0:15:33]} Nf6 {[%clk 0:15:22]} 4. e3
{[%clk 0:15:41]} e6 {[%clk 0:15:21]} 5. Nbd2 {[%clk 0:15:42]} Nbd7
{[%clk 0:13:28]} 6. Bd3 {[%clk 0:15:47]} Bd6 {[%clk 0:13:08]} 7. O-O
{[%clk 0:15:53]} O-O {[%clk 0:12:15]} 8. e4 {[%clk 0:16:01]} dxe4
{[%clk 0:10:11]} 9. Nxe4 {[%clk 0:16:09]} Nxe4 {[%clk 0:10:16]} 10. Bxe4
{[%clk 0:16:17]} f5 {[%clk 0:09:43]} 11. Bc2 {[%clk 0:14:15]} h6 {[%clk 0:08:20]}
12. Re1 {[%clk 0:13:55]} Qf6 {[%clk 0:06:58]} 13. c5 {[%clk 0:13:45]} Bc7
{[%clk 0:06:45]} 14. Rxe6 {[%clk 0:12:38]} Qd8 {[%clk 0:04:55]} 15. Bb3
{[%clk 0:12:00]} Kh8 {[%clk 0:05:01]} 16. Re1 {[%clk 0:11:10]} Nf6
{[%clk 0:02:58]} 17. Bd2 {[%clk 0:10:03]} Ne4 {[%clk 0:02:01]} 18. Bc3
{[%clk 0:10:02]} Ng5 {[%clk 0:00:55]} 19. d5 {[%clk 0:09:40]} cxd5
{[%clk 0:00:42]} 20. Bxd5 {[%clk 0:09:42]} Nxf3+ {[%clk 0:00:14]} 21. Qxf3
{[%clk 0:09:48]} Rb8 {[%clk 0:00:18]} 22. Rad1 {[%clk 0:09:33]} Qh4
{[%clk 0:00:22]} 23. g3 {[%clk 0:09:38]} Qh3 {[%clk 0:00:12]} 24. Re7
{[%clk 0:09:39]} 1-0

[Event "Memorial Sergievskogo"]
[Site "Cheboksary"]
[Date "2016.04.11"]
[Round "2.5"]
[White "Severinov, Boris"]
[Black "Morozevich, Alexander"]
[Result "0-1"]
[LiveChessVersion "1.4.4"]
[BlackElo "2669"]
[WhiteElo "2069"]

1. Nf3 {[%clk 0:15:16]} g6 {[%clk 0:15:19]} 2. e3 {[%clk 0:15:24]} Bg7
{[%clk 0:15:27]} 3. d4 {[%clk 0:15:33]} f5 {[%clk 0:14:55]} 4. Bd3
{[%clk 0:15:35]} Nf6 {[%clk 0:15:03]} 5. Nbd2 {[%clk 0:15:41]} c5
{[%clk 0:13:28]} 6. c4 {[%clk 0:15:23]} O-O {[%clk 0:11:33]} 7. Qc2
{[%clk 0:12:46]} d6 {[%clk 0:10:45]} 8. a3 {[%clk 0:11:30]} cxd4 {[%clk 0:09:56]}
9. exd4 {[%clk 0:11:34]} e5 {[%clk 0:10:04]} 10. dxe5 {[%clk 0:09:18]} dxe5
{[%clk 0:10:12]} 11. Nxe5 {[%clk 0:09:18]} Nh5 {[%clk 0:08:11]} 12. Ndf3
{[%clk 0:06:42]} Re8 {[%clk 0:08:19]} 13. Bg5 {[%clk 0:06:28]} Rxe5+
{[%clk 0:06:47]} 14. Kf1 {[%clk 0:06:38]} Qc7 {[%clk 0:06:41]} 15. Nxe5
{[%clk 0:06:32]} Bxe5 {[%clk 0:06:49]} 16. c5 {[%clk 0:05:53]} Be6
{[%clk 0:06:36]} 17. Re1 {[%clk 0:05:59]} Nc6 {[%clk 0:06:37]} 18. h4
{[%clk 0:05:17]} Nd4 {[%clk 0:06:15]} 19. Qc1 {[%clk 0:05:12]} Bf4
{[%clk 0:05:28]} 20. Qc3 {[%clk 0:04:54]} Bxg5 {[%clk 0:05:24]} 21. hxg5
{[%clk 0:04:22]} Rd8 {[%clk 0:05:15]} 22. Rh3 {[%clk 0:03:29]} Nf4
{[%clk 0:05:02]} 23. Rg3 {[%clk 0:03:10]} Bd5 {[%clk 0:04:05]} 24. Kg1
{[%clk 0:03:05]} Nxg2 {[%clk 0:03:24]} 25. Rxg2 {[%clk 0:03:03]} Nf3+
{[%clk 0:03:32]} 26. Kf1 {[%clk 0:02:51]} Nxe1 {[%clk 0:03:39]} 0-1

[Event "Memorial Sergievskogo"]
[Site "Cheboksary"]
[Date "2016.04.11"]
[Round "2.7"]
[White "Petuchov, Evgenij"]
[Black "Motylev, Alexander"]
[Result "0-1"]
[LiveChessVersion "1.4.4"]
[BlackElo "2662"]
[WhiteElo "2054"]

1. d4 {[%clk 0:15:17]} d5 {[%clk 0:15:17]} 2. Nf3 {[%clk 0:15:24]} Nf6
{[%clk 0:15:24]} 3. c4 {[%clk 0:15:31]} c6 {[%clk 0:15:33]} 4. Nc3
{[%clk 0:15:37]} e6 {[%clk 0:15:35]} 5. Bg5 {[%clk 0:15:43]} h6 {[%clk 0:15:43]}
6. Bh4 {[%clk 0:15:51]} dxc4 {[%clk 0:15:52]} 7. a4 {[%clk 0:15:50]} a6
{[%clk 0:15:18]} 8. e3 {[%clk 0:15:41]} b5 {[%clk 0:15:22]} 9. axb5
{[%clk 0:15:47]} cxb5 {[%clk 0:15:31]} 10. Bxf6 {[%clk 0:14:15]} gxf6
{[%clk 0:15:25]} 11. Nxb5 {[%clk 0:13:47]} axb5 {[%clk 0:15:33]} 12. Rxa8
{[%clk 0:13:54]} Bb7 {[%clk 0:15:42]} 13. Ra1 {[%clk 0:13:42]} Bb4+
{[%clk 0:15:49]} 14. Nd2 {[%clk 0:13:30]} Nc6 {[%clk 0:15:26]} 15. f4
{[%clk 0:11:33]} e5 {[%clk 0:12:14]} 16. Kf2 {[%clk 0:08:26]} exd4
{[%clk 0:12:02]} 17. Nxc4 {[%clk 0:07:36]} bxc4 {[%clk 0:11:59]} 18. exd4
{[%clk 0:07:10]} Nxd4 {[%clk 0:10:34]} 19. Bxc4 {[%clk 0:07:16]} Qb6
{[%clk 0:10:20]} 20. Qh5 {[%clk 0:03:27]} Nf5+ {[%clk 0:09:41]} 21. Ke2
{[%clk 0:02:49]} Qe3+ {[%clk 0:09:40]} 22. Kf1 {[%clk 0:02:58]} Qxf4+
{[%clk 0:09:45]} 23. Ke2 {[%clk 0:03:01]} Qd2+ {[%clk 0:09:34]} 0-1

[Event "Memorial Sergievskogo"]
[Site "Cheboksary"]
[Date "2016.04.11"]
[Round "2.8"]
[White "Kobalia, Mikhail"]
[Black "Pakhmutov, Andrey"]
[Result "1-0"]
[LiveChessVersion "1.4.4"]
[BlackElo "1985"]
[WhiteElo "2609"]

1. e4 {[%clk 0:15:18]} e6 {[%clk 0:15:18]} 2. d3 {[%clk 0:15:26]} d5
{[%clk 0:15:26]} 3. Nd2 {[%clk 0:15:34]} c5 {[%clk 0:15:33]} 4. Ngf3
{[%clk 0:15:37]} Nf6 {[%clk 0:15:40]} 5. g3 {[%clk 0:15:46]} Nc6 {[%clk 0:15:47]}
6. Bg2 {[%clk 0:15:54]} g6 {[%clk 0:15:55]} 7. O-O {[%clk 0:15:58]} Bg7
{[%clk 0:16:04]} 8. Re1 {[%clk 0:15:45]} O-O {[%clk 0:16:09]} 9. c3
{[%clk 0:15:51]} a5 {[%clk 0:15:56]} 10. a4 {[%clk 0:13:55]} b6 {[%clk 0:11:55]}
11. exd5 {[%clk 0:11:17]} exd5 {[%clk 0:10:12]} 12. Nf1 {[%clk 0:11:24]} Ba6
{[%clk 0:09:12]} 13. Bf4 {[%clk 0:11:19]} Rc8 {[%clk 0:07:38]} 14. Qd2
{[%clk 0:10:55]} d4 {[%clk 0:04:06]} 15. c4 {[%clk 0:10:57]} Re8 {[%clk 0:03:18]}
16. h3 {[%clk 0:08:54]} Nb4 {[%clk 0:02:00]} 17. g4 {[%clk 0:08:42]} Bb7
{[%clk 0:01:50]} 18. Ng3 {[%clk 0:08:41]} Rxe1+ {[%clk 0:01:13]} 19. Rxe1
{[%clk 0:08:50]} Qf8 {[%clk 0:01:20]} 20. Ne5 {[%clk 0:08:37]} Bxg2
{[%clk 0:01:23]} 21. Kxg2 {[%clk 0:08:46]} h6 {[%clk 0:00:27]} 22. h4
{[%clk 0:08:31]} Kh7 {[%clk 0:00:23]} 23. g5 {[%clk 0:08:38]} Ng8
{[%clk 0:00:29]} 24. Qd1 {[%clk 0:07:32]} f6 {[%clk 0:00:24]} 25. Nxg6
{[%clk 0:01:41]} Kxg6 {[%clk 0:00:30]} 26. h5+ {[%clk 0:01:19]} Kh7
{[%clk 0:00:26]} 27. g6+ {[%clk 0:01:28]} Kh8 {[%clk 0:00:35]} 28. Nf5
{[%clk 0:01:37]} Nc6 {[%clk 0:00:16]} 29. Nd6 {[%clk 0:01:39]} Rc7
{[%clk 0:00:20]} 30. Re8 1-0

[Event "Memorial Sergievskogo"]
[Site "Cheboksary"]
[Date "2016.04.11"]
[Round "2.9"]
[White "Murzin, Volodar"]
[Black "Volkov, Sergey"]
[Result "0-1"]
[LiveChessVersion "1.4.4"]
[BlackElo "2597"]
[WhiteElo "2005"]

1. Nf3 {[%clk 0:15:18]} d5 {[%clk 0:15:16]} 2. g3 {[%clk 0:15:18]} c5
{[%clk 0:15:20]} 3. Bg2 {[%clk 0:15:22]} g6 {[%clk 0:15:26]} 4. c4
{[%clk 0:15:26]} d4 {[%clk 0:15:27]} 5. d3 {[%clk 0:15:29]} Nc6 {[%clk 0:15:22]}
6. O-O {[%clk 0:15:31]} Bg7 {[%clk 0:15:26]} 7. Nbd2 {[%clk 0:14:02]} Nf6
{[%clk 0:15:01]} 8. Nb3 {[%clk 0:13:42]} Nd7 {[%clk 0:14:29]} 9. Nfd2
{[%clk 0:12:56]} a5 {[%clk 0:12:33]} 10. Ne4 {[%clk 0:11:50]} Qb6
{[%clk 0:12:37]} 11. Bh3 {[%clk 0:10:40]} f5 {[%clk 0:11:36]} 12. Ng5
{[%clk 0:10:38]} a4 {[%clk 0:11:09]} 13. Nd2 {[%clk 0:09:00]} Nf6
{[%clk 0:10:21]} 14. Bg2 {[%clk 0:08:16]} h6 {[%clk 0:09:39]} 15. Ngf3
{[%clk 0:08:12]} O-O {[%clk 0:09:40]} 16. Re1 {[%clk 0:07:58]} e5
{[%clk 0:08:42]} 17. e3 {[%clk 0:07:13]} dxe3 {[%clk 0:08:31]} 18. Rxe3
{[%clk 0:07:18]} Ng4 {[%clk 0:07:42]} 19. Re1 {[%clk 0:07:22]} Nb4
{[%clk 0:07:45]} 20. Bf1 {[%clk 0:06:45]} e4 {[%clk 0:04:53]} 21. dxe4
{[%clk 0:06:05]} fxe4 {[%clk 0:04:54]} 22. Nxe4 {[%clk 0:05:30]} a3
{[%clk 0:04:38]} 23. bxa3 {[%clk 0:04:43]} Bxa1 {[%clk 0:03:33]} 24. axb4
{[%clk 0:04:52]} cxb4 {[%clk 0:02:46]} 25. h3 {[%clk 0:04:43]} Nxf2
{[%clk 0:02:07]} 26. Nxf2 {[%clk 0:04:42]} Rxa2 {[%clk 0:02:11]} 27. Be3
{[%clk 0:04:36]} Qf6 {[%clk 0:01:58]} 28. Bg2 {[%clk 0:04:26]} Bc3
{[%clk 0:01:49]} 29. Rf1 {[%clk 0:03:42]} Ra1 30. Qe2 {[%clk 0:03:50]} Rxf1+
{[%clk 0:01:52]} 31. Qxf1 {[%clk 0:03:36]} Bf5 32. Ng4 Bxg4 {[%clk 0:01:46]} 33.
hxg4 {[%clk 0:03:45]} b3 {[%clk 0:01:40]} 34. Qb1 {[%clk 0:03:12]} b2
{[%clk 0:01:39]} 35. Bxh6 {[%clk 0:03:04]} Re8 {[%clk 0:01:35]} 36. Bg5
{[%clk 0:02:38]} Qa6 {[%clk 0:01:42]} 37. Kh2 {[%clk 0:02:37]} Re6
{[%clk 0:01:08]} 38. Nd2 {[%clk 0:02:19]} Bxd2 {[%clk 0:00:49]} 39. Bxd2
{[%clk 0:02:26]} Qa1 {[%clk 0:00:55]} 40. Qd3 {[%clk 0:02:16]} b1=Q
{[%clk 0:01:04]} 41. Qd8+ {[%clk 0:02:24]} Kh7 {[%clk 0:00:52]} 42. Qd7+
{[%clk 0:02:27]} Qg7 {[%clk 0:00:59]} 43. Qxe6 {[%clk 0:02:36]} Qd3
{[%clk 0:00:54]} 44. Bf4 {[%clk 0:02:38]} Qdd7 {[%clk 0:00:57]} 45. Qe2
{[%clk 0:02:16]} Qge7 {[%clk 0:01:00]} 46. Qf3 {[%clk 0:02:06]} g5
{[%clk 0:01:01]} 47. Bc1 {[%clk 0:02:12]} Qe5 {[%clk 0:00:45]} 48. Be3
{[%clk 0:01:33]} Kg7 {[%clk 0:00:29]} 49. Bc1 {[%clk 0:00:38]} b6
{[%clk 0:00:27]} 50. Qb3 {[%clk 0:00:38]} Qdd4 {[%clk 0:00:36]} 51. Qa4
{[%clk 0:00:24]} Kg6 {[%clk 0:00:25]} 52. Qc2+ {[%clk 0:00:26]} Kh6
{[%clk 0:00:29]} 53. Qa4 {[%clk 0:00:28]} Qxg4 {[%clk 0:00:27]} 54. Qc6+
{[%clk 0:00:12]} Qee6 {[%clk 0:00:33]} 55. Qa8 {[%clk 0:00:18]} Qh5+
{[%clk 0:00:38]} 56. Qd5 0-1

[Event "Memorial Sergievskogo"]
[Site "Cheboksary"]
[Date "2016.04.11"]
[Round "2.10"]
[White "Predke, Alexandr"]
[Black "Krupskiy, Alexandr"]
[Result "1-0"]
[LiveChessVersion "1.4.4"]
[BlackElo "1931"]
[WhiteElo "2594"]

1. e4 {[%clk 0:15:17]} c5 {[%clk 0:15:19]} 2. Nf3 {[%clk 0:15:25]} Nc6
{[%clk 0:15:28]} 3. Nc3 {[%clk 0:15:30]} d6 {[%clk 0:15:29]} 4. d4
{[%clk 0:15:38]} cxd4 {[%clk 0:15:37]} 5. Nxd4 Nf6 6. Bg5 {[%clk 0:15:52]} a6
{[%clk 0:15:07]} 7. Qd2 {[%clk 0:15:47]} e6 {[%clk 0:14:14]} 8. O-O-O
{[%clk 0:15:47]} Be7 {[%clk 0:14:22]} 9. f4 {[%clk 0:14:58]} Qc7 {[%clk 0:14:00]}
10. Kb1 {[%clk 0:14:13]} O-O {[%clk 0:12:43]} 11. Bxf6 {[%clk 0:12:15]} gxf6
{[%clk 0:12:46]} 12. f5 {[%clk 0:11:06]} Nxd4 {[%clk 0:12:01]} 13. Qxd4
{[%clk 0:11:13]} b5 {[%clk 0:12:06]} 14. Qd2 {[%clk 0:10:10]} Bb7
{[%clk 0:11:02]} 15. Bd3 {[%clk 0:09:57]} b4 {[%clk 0:09:29]} 16. Ne2
{[%clk 0:10:05]} e5 {[%clk 0:09:23]} 17. g4 {[%clk 0:09:32]} a5 {[%clk 0:09:02]}
18. Qh6 {[%clk 0:09:13]} Kh8 {[%clk 0:08:15]} 19. g5 {[%clk 0:08:41]} Rg8
{[%clk 0:07:58]} 20. gxf6 Bf8 21. Qh4 {[%clk 0:08:58]} a4 {[%clk 0:08:02]} 22.
Rhg1 {[%clk 0:08:51]} b3 {[%clk 0:08:04]} 23. Rxg8+ {[%clk 0:08:37]} Kxg8
{[%clk 0:08:12]} 24. Rg1+ {[%clk 0:08:35]} Kh8 {[%clk 0:08:21]} 25. Qg5
{[%clk 0:08:34]} 1-0

[Event "Memorial Sergievskogo"]
[Site "Cheboksary"]
[Date "2016.04.11"]
[Round "3.1"]
[White "Rublevsky, Sergei"]
[Black "Papin, Vasily"]
[Result "1-0"]
[LiveChessVersion "1.4.4"]
[BlackElo "2513"]
[WhiteElo "2727"]

1. e4 {[%clk 0:15:19]} c5 {[%clk 0:15:17]} 2. Nf3 {[%clk 0:15:27]} e6
{[%clk 0:15:26]} 3. c3 {[%clk 0:15:35]} Nf6 {[%clk 0:15:34]} 4. e5
{[%clk 0:15:44]} Nd5 {[%clk 0:15:42]} 5. Bc4 {[%clk 0:15:52]} d6 {[%clk 0:15:45]}
6. d4 {[%clk 0:15:59]} cxd4 {[%clk 0:15:53]} 7. cxd4 {[%clk 0:16:08]} Be7
{[%clk 0:16:01]} 8. O-O {[%clk 0:16:12]} O-O {[%clk 0:16:10]} 9. Qe2
{[%clk 0:16:19]} b6 {[%clk 0:16:18]} 10. Rd1 {[%clk 0:15:40]} Bb7
{[%clk 0:16:25]} 11. Bxd5 {[%clk 0:15:40]} exd5 {[%clk 0:14:04]} 12. Nc3
{[%clk 0:15:44]} Na6 {[%clk 0:13:42]} 13. Nb5 {[%clk 0:15:37]} Nc7
{[%clk 0:13:13]} 14. Nxc7 {[%clk 0:14:59]} Qxc7 {[%clk 0:13:22]} 15. Bg5
{[%clk 0:14:57]} Rfe8 {[%clk 0:11:43]} 16. Rac1 {[%clk 0:14:37]} Qd7
{[%clk 0:11:48]} 17. Bxe7 {[%clk 0:14:44]} Rxe7 {[%clk 0:11:51]} 18. Qd3
{[%clk 0:13:23]} h6 {[%clk 0:11:36]} 19. Qa3 {[%clk 0:13:22]} Re6
{[%clk 0:11:19]} 20. exd6 {[%clk 0:12:56]} Rxd6 {[%clk 0:08:00]} 21. Ne5
{[%clk 0:13:03]} Qd8 {[%clk 0:08:06]} 22. Rc3 {[%clk 0:11:29]} Re6
{[%clk 0:06:43]} 23. Rdc1 {[%clk 0:09:55]} f6 {[%clk 0:06:23]} 24. Nd3
{[%clk 0:09:32]} Re7 {[%clk 0:06:09]} 25. h4 {[%clk 0:06:51]} Kh7
{[%clk 0:05:11]} 26. Nf4 {[%clk 0:06:44]} Re4 {[%clk 0:03:44]} 27. Nh5
{[%clk 0:04:03]} Re7 {[%clk 0:03:54]} 28. Rg3 {[%clk 0:03:42]} Bc8
{[%clk 0:03:32]} 29. Qd3+ {[%clk 0:03:00]} f5 {[%clk 0:03:41]} 30. Qf3
{[%clk 0:01:50]} a5 {[%clk 0:03:06]} 31. Qf4 {[%clk 0:01:14]} Bd7
{[%clk 0:02:02]} 32. Rc7 {[%clk 0:00:37]} Qf8 {[%clk 0:02:03]} 33. Kh2
{[%clk 0:00:24]} Rc8 {[%clk 0:01:45]} 34. Qd6 {[%clk 0:00:21]} Rxc7
{[%clk 0:01:46]} 35. Rxg7+ {[%clk 0:00:30]} Qxg7 {[%clk 0:00:40]} 36. Nxg7
{[%clk 0:00:38]} Bc8 {[%clk 0:00:41]} 37. Ne8 {[%clk 0:00:46]} 1-0